000 00349nam a2200133Ia 4500
005 20260328104321.0
008 260328s9999||||xx |||||||||||||| ||und||
100 _aGoldberger, Paul
245 0 _aCesar Pelli :
_b Buildings and Projects 1965-1990 /
_cPaul Goldberger
260 _bRizzoli
300 _a288 p.
650 _aARQUITECTURA
942 _cBK
999 _c11363
_d11363